| 000 | 00374 a2200169 4500 | ||
|---|---|---|---|
| 001 | 57085 | ||
| 020 | _a9788526282247 | ||
| 040 | _cAnchieta - Pituba | ||
| 100 | _aLopes, Cláudia | ||
| 240 | 1 | 0 |
_aO príncipe e o mendigo _lpor |
| 245 | 1 | 0 | _aO príncipe e o mendigo |
| 300 | _a104 | ||
| 362 | 0 | _a2001 | |
| 440 | 1 | _aScipione | |
| 650 | 4 | _aLiteratura juvenil | |
| 942 | _cBK | ||
| 999 |
_c57085 _d57085 |
||